000 00524nam a2200193Ia 4500
003 GCL
005 20240530100441.0
008 140319s9999 xx 000 0 eng d
040 _aGCL /
_cGCL
082 0 4 _a302.23
_bAI
100 1 _aC, ALBERT, H.
245 1 0 _aINTRODUCTION TO MASS COMMUNICATIONS /
_cAGEE, WARRAN K.
260 _a[S.N] :
_bMACMILLAN PUBLISHING COMPANY ،
_c1994
300 _a570 P
650 0 4 _aMASS - COMMUNICATIONS
650 0 4 _aCOMMUNICATIONS
700 1 _aDADIE, BERNARD B.
942 _2ddc
_cBK
999 _c17847
_d17847